00315nam a2200109 a 4500008004100000050001600041100002300057245005000080260005700130300000900187350000900196120416s1984 ||||||||||||||||| || u aPL 8005 Kas aKashoki, Mubanga E14aThe African language as a tool of development aKampalabOAU Inter-African Bureau of Languagesc1984 a20p. a0.00